000 01333cam a2200325 i 4500
001 16626284
003 OSt
005 20181108153110.0
008 110127t20122012mau b 001 0 eng
010 _a 2011921719
020 _a9780312643447 (pbk. : alk. paper)
040 _aDLC
_beng
_cDLC
_dDLC
_erda
042 _apcc
050 0 0 _aZ5818.E5
_bB57 2012
100 1 _aReynolds, Nedra.
245 1 4 _aThe Bedford bibliography for teachers of writing /
_cNedra Reynolds, University of Rhode Island, Jay Dolmage, University of Waterloo, Patricia Bizzell, College of the Holy Cross, Bruce Herzberg, Bentley College.
250 _aSeventh edition.
260 _aBoston:
_bBedford/St Martins
_c2012
300 _axii, 336 pages ;
_c24 cm
500 _aIncludes index.
650 0 _aEnglish language
_xRhetoric
_xStudy and teaching
_vBibliography.
650 0 _aReport writing
_xStudy and teaching (Higher)
_vBibliography.
700 1 _aDolmage, Jay.
700 1 _aBizzell, Patricia.
700 1 _aHerzberg, Bruce.
775 0 8 _iRevision of:
_aReynolds, Nedra.
_b6th ed.
_tBedford bibliography for teachers of writing
_dBoston : Bedford/St. Martin's, c2004
_w(DLC) 2009290847
906 _a7
_bcbc
_corignew
_d2
_eepcn
_f20
_gy-gencatlg
942 _2lcc
_cBK
999 _c53764
_d53764